Normal view
MARC view
Entry Personal Name
001 - CONTROL NUMBER
- control field: 857782
003 - CONTROL NUMBER IDENTIFIER
- control field: OSt
005 - DATE AND TIME OF LATEST TRANSACTION
- control field: 20251218123318.0
008 - FIXED-LENGTH DATA ELEMENTS
- fixed length control field: 251218|| aca||aabn | a|a d
040 ## - CATALOGING SOURCE
- Original cataloging agency: OSt
- Transcribing agency: OSt
100 ## - HEADING--PERSONAL NAME
- Personal name: ਕਰਤਾਰ ਸਿੰਘ
670 ## - SOURCE DATA FOUND
- Source citation: Work cat.: (OSt)386907: ਕਰਤਾਰ ਸਿੰਘ, ਕੇਸ ਖ਼ਿਲਾਸਖ਼ੀ ਤੋ ਸ੍ਰੀ ਗੁਰੂ ਨਾਨਕ ਮਿFਨ, 1960
